Smosh Characters - Statistics

General Stats
  • This quiz has been taken 244 times
  • The average score is 7 of 13
Answer Stats
Hint Answer % Correct
Anthony _______ Padilla
95%
Ian _____ Hecox
92%
She gave birth to Ian (we think) Ian's Mom
70%
Charlie the _____ Guinea Pig Drunk
64%
She's nuclear! Mari Takahashi
47%
He's the other addition to Smosh Games, with his Fabio hair! Wes the Editor
45%
He has a tattoo of his name on his back! Lasercorn
44%
His name is his last name Sohinki
44%
He's a new addition to Smosh Games! Flitz
42%
That Damn ________ Neighbor
42%
His name is his first and last name Jovenshire
40%
Now Ex-Girlfriend to Anthony Kalel Cullen
24%
Now Ex-Girlfriend to Ian Melanie Moat
12%
No matching quizzes found
Score Distribution
Percent of People with Each Score
Percentile by Number Answered
Your Score History
You have not taken this quiz